Passat im Novembersturm : Bilder von d. letzten grossen Fahrt /

Bibliographic Details
Main Author: Jebens, Hellmut
Format: Book
Language:German
Published: Herford : Koehlers, 1977.
Edition:4., erw. Aufl.
Subjects:

MARC

Tag First Indicator Second Indicator Subfields
LEADER 00000cam a2200000 a 4500
001 in00000091615
005 20150923131652.0
008 780721s1977 gw a 00010 germ
010 |a  78358634  
015 |a GFR77-A42 
020 |a 3782201264 :  |c DM29.80 
035 |a (OCoLC)04191086 
035 |9 AAK6946AM 
040 |a DLC  |c DLC  |d TXA  |d UtOrBLW 
049 |a TXAM  |c [1482187] 
050 0 0 |a G470 P27  |b  J43 1977 
100 1 |a Jebens, Hellmut. 
245 1 0 |a Passat im Novembersturm :  |b Bilder von d. letzten grossen Fahrt /  |c Hellmut Jebens. 
250 |a 4., erw. Aufl. 
264 1 |a Herford :  |b Koehlers,  |c 1977. 
300 |a 27 pages, 64 unnumbered pages :  |b chiefly illustrations (some color) ;  |c 28 cm. 
336 |a text  |b txt  |2 rdacontent 
337 |a unmediated  |b n  |2 rdamedia 
338 |a volume  |b nc  |2 rdacarrier 
610 2 0 |a Passat (Bark) 
650 0 |a Voyages and travels. 
999 |a MARS 
999 f f |s ac2ff3b9-1c08-334a-83d1-8ac167c73392  |i af3b26d5-b0f4-3811-a19d-40b2062f12f8  |t 0 
952 f f |p ric  |a Texas A&M University  |b Rellis Campus  |c Joint Library Facility  |d Remote Storage  |t 0  |e G470 P27 J43 1977  |h Library of Congress classification  |i unmediated -- volume  |m A14806018561 
998 f f |a G470 P27 J43 1977  |t 0  |l Remote Storage